zpět

Detail výsledku týmu

Záložna ÚT, Pardubice

Datum a čas kvízu

42 Celkem bodů Celkový počet nahraných bodů na tomto kvízu bez doplňovacích otázek.
5. Pořadí na kvízu Konečné umístění týmu na tomto kvízu.

Zaznamenané odpovědi

# Otázka Odpověď Body Výsledky
1. V Klatovech se v rámci nadcház... A 1
2. Italská vesnice Punta Marina č... pávy 1
3. Poprvé ve své historii ovládlo... Dara 1
4. Německý soud rozhodl, že potra... Milku 1
5. Na okruhu ležícím poblíž jedno... Most 1
6. Vítězné téma facebookového hla... 36 týmů 1
7. Ve kterých třech jazycích je s... angličtina, francouzština, němčina 1
8. Pokud budeme počítat i předchů... C 0
9. K památnému finále došlo v roc... Vladimír Šmicer, Milan Baroš 1
10. Historicky nejlepšími střelci... Robert Lewandowski 1